000 01105nmc a2200385 a 4500
003 AR-BaBNM
005 20251128204243.0
008 011101s1993 ||||||||||||||000 | spa||
020 _a950-9467-33-2
040 _cAR-BaBNM
100 1 _aLucarelli, Elisa A.
245 1 0 _aRegionalización del curriculum y capacitación docente
_brespuestas e interrogantes en la educación básica latinoamericana
250 _a1ª ed.
260 _aBuenos Aires
_bMiño y Dávila
_c1993
300 _a160 p.
490 0 _aEnfoques en educación
500 _aPresentación de Luis Osvaldo Roggi
650 4 _aCURRICULO
650 4 _aPLAN DE ESTUDIOS
650 4 _aFORMACION PROFESIONAL
650 4 _aBILINGUISMO
650 4 _aCURRICULO
650 4 _aPLANIFICACION DEL CURRICULO
650 4 _aINTEGRACION CULTURAL
650 4 _aREGIONALIZACION
650 4 _aEDUCACION BASICA
651 4 _aCosta Rica
651 4 _aColombia
651 4 _aArgentina
651 4 _aAmérica Latina
800 1 _aFasce, Jorge
_edirector
800 1 _aRojo, Mónica
_edirector
942 _cBK
998 _cEthel
999 _c6729
_d6729